NBA Playoffs 2012 - Statistics

General Stats
  • This quiz has been taken 3,384 times
    3,383 since last reset
  • The average score is 13 of 16
Answer Stats
Hint Answer % Correct
Eastern Conference #2 Seed Heat
98%
Western Conference #3 Seed Lakers
94%
Western Conference #1 Seed Spurs
94%
Western Conference #2 Seed Thunder
91%
Eastern Conference #4 Seed Celtics
90%
Eastern Conference #1 Seed Bulls
83%
Western Conference #5 Seed Clippers
81%
Western Conference #7 Seed Mavericks
79%
Eastern Conference #7 Seed Knicks
77%
Eastern Conference #3 Seed Pacers
77%
Eastern Conference #5 Seed Hawks
71%
Eastern Conference #6 Seed Magic
71%
Western Conference #4 Seed Grizzlies
68%
Western Conference #6 Seed Nuggets
67%
Eastern Conference #8 Seed 76ers
64%
Western Conference #8 Seed Jazz
61%
No matching quizzes found
Score Distribution
Percent of People with Each Score
Percentile by Number Answered
Your Score History
You have not taken this quiz since the last reset